| 000 | 00921nam a2200229 a 4500 | ||
|---|---|---|---|
| 001 | 000002229 | ||
| 005 | 20200929150156.0 | ||
| 008 | 090701s2000 dr 000 0 spa d | ||
| 040 | _aDO-SdBNP | ||
| 082 |
_a657.3 _bM375m |
||
| 100 | 1 |
_aMartínez Lovera, Rodolfo Valentino _97115 |
|
| 245 | 1 | 0 |
_aManual para la preparación de información financiera : _bsiguiendo las normas internacionales de la contabilidad / _celaborado por Rodolfo Valentino Martínez Lovera ; presentación Sixto Peralta. |
| 260 |
_aSanto Domingo : _bICPARD, _c2000. |
||
| 300 |
_a126 p. ; _c27 cm. |
||
| 500 | _aIncluye índice | ||
| 650 | 4 |
_aEstados financieros _zRepública Dominicana _97116 |
|
| 650 | 4 |
_aContabilidad _zRepública Dominicana _vNORMAS _97117 |
|
| 710 | 2 |
_aINSTITUTO DE CONTADORES PÚBLICOS AUTORIZADOS DE LA REPÚBLICA DOMINICANA _97118 |
|
| 700 | 1 |
_aPeralta, Sixto _97119 |
|
| 910 | _aJornada de catalogación | ||
| 049 | _aBNPD | ||
| 999 |
_c2077 _d2077 |
||